Loading...
| Science - Physics | 0 | 4 | 0 | 0 | 40 | 49 | 77.50 | 1 | 3 | 0.00 | 0.00 |
| Science - Other | 0 | 3 | 0 | 0 | 30 | 73 | 95.67 | 0 | 0 | 0.00 | 0.00 |
| Literature - European | 0 | 3 | 0 | 2 | 30 | 121 | 135.33 | 0 | 0 | 0.00 | 0.00 |
| Fine Arts - Other | 0 | 3 | 1 | 0 | 25 | 109 | 126.67 | 1 | 1 | 0.00 | 0.00 |
| Mythology | 0 | 3 | 1 | 0 | 25 | 99 | 113.33 | 0 | 0 | 0.00 | 0.00 |
| History - American | 0 | 3 | 1 | 0 | 25 | 71 | 91.00 | 0 | 0 | 0.00 | 0.00 |
| Literature - British | 0 | 3 | 1 | 1 | 25 | 104 | 116.00 | 0 | 0 | 0.00 | 0.00 |
| Philosophy | 0 | 3 | 1 | 1 | 25 | 111 | 118.67 | 0 | 0 | 0.00 | 0.00 |
| Religion | 0 | 3 | 2 | 1 | 20 | 75 | 109.33 | 0 | 0 | 0.00 | 0.00 |
| Literature - American | 0 | 2 | 0 | 0 | 20 | 36 | 90.00 | 0 | 1 | 0.00 | 0.00 |
| History - World | 0 | 2 | 1 | 1 | 15 | 90 | 106.00 | 0 | 0 | 0.00 | 0.00 |
| Literature - World/Other | 0 | 2 | 1 | 0 | 15 | 117 | 134.00 | 0 | 0 | 0.00 | 0.00 |
| Fine Arts - Visual | 0 | 1 | 0 | 0 | 10 | 130 | 130.00 | 0 | 0 | 0.00 | 0.00 |
| Pop Culture | 0 | 1 | 0 | 0 | 10 | 127 | 127.00 | 0 | 0 | 0.00 | 0.00 |
| Science - Biology | 0 | 1 | 0 | 0 | 10 | 90 | 90.00 | 0 | 0 | 0.00 | 0.00 |
| History - European | 0 | 1 | 1 | 0 | 5 | 96 | 96.00 | 1 | 1 | 0.00 | 0.00 |
| Fine Arts - Classical Music | 0 | 0 | 0 | 0 | 0 | 0.00 | 0 | 0 | 0.00 | 0.00 | |
| Science - Chemistry | 0 | 1 | 2 | 1 | 0 | 129 | 129.00 | 0 | 0 | 0.00 | 0.00 |
| History - Other | 0 | 0 | 1 | 0 | -5 | 0.00 | 0 | 0 | 0.00 | 0.00 | |
| Social Science | 0 | 1 | 3 | 1 | -5 | 112 | 112.00 | 0 | 0 | 0.00 | 0.00 |
| Geography/Current Events | 0 | 0 | 2 | 0 | -10 | 0.00 | 0 | 0 | 0.00 | 0.00 |